01415nam a2200349Ia 4500001001200000003000800012006001900020007001500039008004100054010001700095020004000112020004300152040002100195035002100216050002600237100002500263245012500288260007000413300002400483504005100507533015200558650004400710650004100754650001600795650001600811655002900827700003000856700001900886710001700905856012600922999001701048ebr10300898CaPaEBRm u cr cn|||||||||080529s2009 enka sb 001 0 eng d z 2008024092 z140516803X (hardcover : alk. paper) z9781405168038 (hardcover : alk. paper) aCaPaEBRcCaPaEBR a(OCoLC)31711742114aRC647.C55bQ38 2009eb1 aKitchen, Steve,cDr.10aQuality in laboratory hemostasis and thrombosish[electronic resource] /cSteve Kitchen, John D. Olson, F. Eric Preston. aChichester, West Sussex ;aHoboken, NJ :bWiley-Blackwell,c2009. axii, 215 p. :bill. aIncludes bibliographical references and index. aElectronic reproduction.bPalo Alto, Calif. :cebrary,d2009.nAvailable via World Wide Web.nAccess may be limited to ebrary affiliated libraries. 0aBlood coagulation disordersxDiagnosis. 0aBloodxAnalysisvLaboratory manuals. 0aHemostasis. 0aThrombosis. 7aElectronic books.2local1 aOlson, John David,d1944-1 aPreston, F. E.2 aebrary, Inc.40uhttp://site.ebrary.com/lib/rucke/Doc?id=10300898zAn electronic book accessible through the World Wide Web; click to view c66492d66492